| 000 | 00702cab a2200229 4500 | ||
|---|---|---|---|
| 001 | WB3415-39 | ||
| 008 | 090401t1998 xxu||||| |||| 00| 0 eng d | ||
| 035 | _a(Sirsi) u85714 | ||
| 041 | _aeng | ||
| 245 | _aCompetition for estate agents | ||
| 260 | _c1998 | ||
| 350 | _a0 | ||
| 490 |
_aNegotiator _v13(8) 17 April 1998, 5(1) |
||
| 520 | _aResidential estate agents will have to provide better service as competition increases and demand outstrips supply predicts the NAEA. | ||
| 650 | _aCOMPETITION | ||
| 650 | _aESTATE AGENTS | ||
| 650 | _aNAEA | ||
| 650 | _aSUPPLY AND DEMAND | ||
| 690 | _aPROPERTY-RESIDENTIAL PROPERTY-RESIDENTIAL PROPERTY MARKET | ||
| 942 | _n0 | ||
| 948 | _c21/04/1998 | ||
| 999 |
_c53918 _d53918 |
||